| 000 | 00740nam a22002055i 4500 | ||
|---|---|---|---|
| 001 | 168860 | ||
| 003 | ES-MaACL | ||
| 005 | 20230906213919.0 | ||
| 008 | 080616s1981 fr |||| | fre d | ||
| 080 | _a821.133.1-31"18" | ||
| 100 | 1 |
_aBalzac, Honoré de, _d1799-1850 _925139 |
|
| 245 | 1 | 0 |
_aGambarra ; Massimilla Doni _b: le chef-d'oeuvre inconnu / _cBalzac ; introductions, notes et documents par Marc Eigeldinger et Max Milner. |
| 260 |
_a[Paris] : _bGarnier-Flammarion, _c[1981] |
||
| 300 |
_a313 p. ; _c18 cm. |
||
| 700 | 1 |
_aEigeldinger, Marc. _9137988 |
|
| 700 | 1 |
_aMilner, Max. _9137989 |
|
| 740 | 0 | _aMassimilla doni. | |
| 852 |
_aES-MaACL _jE-12196 _9R.190417 _z.- Biblioteca Jacinto MartÃnez Lacalle |
||
| 999 |
_c168860 _d168860 |
||